The Legal Opinions of Consultant Judges as a Legitimation of the Conseil d’État’s Law-Making Power (notice n° 1664656)

détails MARC
000 -LEADER
fixed length control field 01691cam a2200157 4500500
005 - DATE AND TIME OF LATEST TRANSACTION
control field 20260222001719.0
041 ## - LANGUAGE CODE
Language code of text/sound track or separate title fre
042 ## - AUTHENTICATION CODE
Authentication code dc
100 10 - MAIN ENTRY--PERSONAL NAME
Personal name Renaud, Esteban
Relator term author
245 00 - TITLE STATEMENT
Title The Legal Opinions of Consultant Judges as a Legitimation of the Conseil d’État’s Law-Making Power
260 ## - PUBLICATION, DISTRIBUTION, ETC.
Date of publication, distribution, etc. 2026.<br/>
500 ## - GENERAL NOTE
General note 27
520 ## - SUMMARY, ETC.
Summary, etc. The conclusions (public legal opinion) of the rapporteurs publics (reporting judges) at the French Conseil d’État are striking for their omnipresence in the doctrinal discourse surrounding the institution’s rulings. The 21st century was marked first and foremost by the Conseil d’État’s fierce defense of its public rapporteurs and their conclusions against the threat of the European Convention on Human Rights. Relying on new information and communication technologies, the Conseil d’État keeps encouraging the visibility of these documents. In light of the conditions under which they are produced, the conclusions are perceived as providing additional rationale for the decision to which they relate. What’s more, they carry their own normativity in that they constantly reinterpret the Conseil d’État’s jurisprudential past. Thus, far from being constrained by case law, reporting judges are among its principal craftsmen. In so doing, they establish self-referentiality by which they contribute to the legitimization of the institution’s jurisprudential power, which is essential to the Conseil d’État as a whole.
786 0# - DATA SOURCE ENTRY
Note Droit et société | 121 | 3 | 2026-01-27 | p. 569-594 | 0769-3362
856 41 - ELECTRONIC LOCATION AND ACCESS
Uniform Resource Identifier <a href="https://droit.cairn.info/journal-droit-et-societe-2025-3-page-569?lang=en&redirect-ssocas=7080">https://droit.cairn.info/journal-droit-et-societe-2025-3-page-569?lang=en&redirect-ssocas=7080</a>

Pas d'exemplaire disponible.

PLUDOC

PLUDOC est la plateforme unique et centralisée de gestion des bibliothèques physiques et numériques de Guinée administré par le CEDUST. Elle est la plus grande base de données de ressources documentaires pour les Étudiants, Enseignants chercheurs et Chercheurs de Guinée.

Adresse

627 919 101/664 919 101

25 boulevard du commerce
Kaloum, Conakry, Guinée

Réseaux sociaux

Powered by Netsen Group @ 2025